Human nutrition (Record no. 3476)
[ view plain ]
| 000 -LEADER | |
|---|---|
| fixed length control field | 00869nam a2200301 a 4500 |
| 001 - CONTROL NUMBER | |
| control field | 010317496 |
| 003 - CONTROL NUMBER IDENTIFIER | |
| control field | UkOxU |
| 005 - DATE AND TIME OF LATEST TRANSACTION | |
| control field | 20211117065939.0 |
| 008 - FIXED-LENGTH DATA ELEMENTS--GENERAL INFORMATION | |
| fixed length control field | 900823s1987 enka 001 0 eng d |
| 015 ## - NATIONAL BIBLIOGRAPHY NUMBER | |
| National bibliography number | GB 87-36855 |
| 020 ## - INTERNATIONAL STANDARD BOOK NUMBER | |
| International Standard Book Number | 0713145544 |
| 035 ## - SYSTEM CONTROL NUMBER | |
| System control number | CURL 990713145544(Bnb) from mvsc026 |
| 040 ## - CATALOGING SOURCE | |
| Transcribing agency | ALUPE UNIVERSITY |
| 050 #0 - LIBRARY OF CONGRESS CALL NUMBER | |
| Classification number | TX353 |
| Item number | .M6 1987 |
| 082 ## - DEWEY DECIMAL CLASSIFICATION NUMBER | |
| Classification number | 613.2 |
| Edition number | 19 |
| 092 ## - LOCALLY ASSIGNED DEWEY CALL NUMBER (OCLC) | |
| Classification number | D0400665189 |
| 100 1# - MAIN ENTRY--PERSONAL NAME | |
| Personal name | Mottram, R. F. |
| 245 10 - TITLE STATEMENT | |
| Title | Human nutrition |
| 250 ## - EDITION STATEMENT | |
| Edition statement | 4th ed. / |
| Remainder of edition statement | Mary E. Barasi, R.F. Mottram |
| 260 ## - PUBLICATION, DISTRIBUTION, ETC. | |
| Place of publication, distribution, etc. | London : |
| Name of publisher, distributor, etc. | Edward Arnold, |
| Date of publication, distribution, etc. | 1987 |
| 300 ## - PHYSICAL DESCRIPTION | |
| Extent | ix, 230 p : |
| Other physical details | ill ; |
| Dimensions | 24 cm |
| 500 ## - GENERAL NOTE | |
| General note | Previous ed.: / by R.F. Mottram. 1979 |
| 504 ## - BIBLIOGRAPHY, ETC. NOTE | |
| Bibliography, etc. note | Bibliography: p220-222. - Includes index |
| 650 #0 - SUBJECT ADDED ENTRY--TOPICAL TERM | |
| Topical term or geographic name entry element | Nutrition |
| 700 1# - ADDED ENTRY--PERSONAL NAME | |
| Personal name | Barasi, Mary E. |
| 942 ## - ADDED ENTRY ELEMENTS (KOHA) | |
| Source of classification or shelving scheme | |
| Koha item type | Book |
| Suppress in OPAC | DO |
| Withdrawn status | Lost status | Source of classification or shelving scheme | Damaged status | Not for loan | Permanent Location | Current Location | Shelving location | Date acquired | Source of acquisition | Total Checkouts | Full call number | Barcode | Date last seen | Price effective from | Koha item type | Public note |
|---|---|---|---|---|---|---|---|---|---|---|---|---|---|---|---|---|
| AU LIBRARY | AU LIBRARY | Open Shelf | 17.11.2021 | DONATION FROM MOI UNIVERSITY | TX353 .M6 1987 | 28004906 | 17.11.2021 | 17.11.2021 | Book | DO |